សៀវភៅកំណែ គីមីវិទ្យា ថ្នាក់ទី១២ / (Record no. 6558)
[ view plain ]
| 000 -LEADER | |
|---|---|
| fixed length control field | 01266nam a22002297a 4500 |
| 001 - CONTROL NUMBER | |
| control field | 6558 |
| 003 - CONTROL NUMBER IDENTIFIER | |
| control field | FISKH |
| 005 - DATE AND TIME OF LATEST TRANSACTION | |
| control field | 20250509142622.0 |
| 008 - FIXED-LENGTH DATA ELEMENTS--GENERAL INFORMATION | |
| fixed length control field | 250509b cb ||||| |||| 00| 0 eng d |
| 040 ## - CATALOGING SOURCE | |
| Original cataloging agency | FISKH |
| Language of cataloging | khr |
| Transcribing agency | FISKH |
| Modifying agency | FISKH |
| 082 ## - DEWEY DECIMAL CLASSIFICATION NUMBER | |
| Classification number | 540 |
| 100 ## - MAIN ENTRY--PERSONAL NAME | |
| Personal name | Sokeng, Cheng |
| 245 ## - TITLE STATEMENT | |
| Title | សៀវភៅកំណែ គីមីវិទ្យា ថ្នាក់ទី១២ / |
| Statement of responsibility, etc. | រៀបរៀងដោយ ចេង សុខអេង |
| 260 ## - PUBLICATION, DISTRIBUTION, ETC. | |
| Date of publication, distribution, etc. | ២០១៦ . |
| 300 ## - PHYSICAL DESCRIPTION | |
| Extent | 134 pages : |
| Other physical details | illustrations ; |
| Dimensions | 20 cm . |
| 520 ## - SUMMARY, ETC. | |
| Summary, etc. | សៀវភៅគីមីវិទ្យា ថ្នាក់ទី១២ ដែលរៀបរៀងដោយលោក ចេង សុខអេង គឺជាឯកសារដែលមានគោលបំណងជួយសិស្សថ្នាក់ទី១២ក្នុងការសិក្សា និងត្រៀមប្រឡងមុខវិជ្ជាគីមីវិទ្យា។ |
| 520 ## - SUMMARY, ETC. | |
| Summary, etc. | The Grade 12 Chemistry book compiled by Mr. Cheng Sok Eng is a resource designed to help Grade 12 students study and prepare for exams in the subject of chemistry.<br/><br/><br/><br/><br/> |
| 650 ## - SUBJECT ADDED ENTRY--TOPICAL TERM | |
| Topical term or geographic name entry element | គីមីវិទ្យា |
| 650 ## - SUBJECT ADDED ENTRY--TOPICAL TERM | |
| Topical term or geographic name entry element | Chemistry |
| 942 ## - ADDED ENTRY ELEMENTS (KOHA) | |
| Source of classification or shelving scheme | Dewey Decimal Classification |
| Koha item type | Khmer Books |
| Suppress in OPAC | No |
| Withdrawn status | Lost status | Source of classification or shelving scheme | Damaged status | Not for loan | Collection | Home library | Current library | Shelving location | Date acquired | Total Checkouts | Full call number | Barcode | Date last seen | Price effective from | Koha item type |
|---|---|---|---|---|---|---|---|---|---|---|---|---|---|---|---|
| Dewey Decimal Classification | Khmer Language Books / សៀវភៅភាសាខ្មែរ | Footprints International School Library Network Toul Tom Poung Campus | Footprints International School Library Network Toul Tom Poung Campus | TTP Secondary Khmer Bookshelves | 05/09/2025 | SOK 540 | 2025-1246 | 05/09/2025 | 05/09/2025 | Khmer Books |
